000 00175nam a22000857a 4500
003 SGT
245 _aANESTHESIOLOGY
260 _aU.K.
_bWOLTERS KLUWER
_c2019,2020
942 _2ddc
_cBV
999 _c23799
_d23799